000 00601nam a2200181 a 4500
001 3109
003 CO-ViMGA
008 141112s2004 ck r 000 u spa d
040 _aCO-ViMGA
_bspa
_cCO-ViMGA
082 0 4 _a574.5 T153d
100 1 _aTalero, Elsa Leonor
_952456
245 1 0 _aEl desafio ecológico
260 _aBogotá :
_bFondo educativo interAméricano,
_c1984
300 _a4 v : il
500 _aEn colección V.2, 4 Contenido : V.1, Las ciencias de la educación ambiental; V.2, 3, 4, La biología integrada en la educación ambiental.
650 1 4 _aECOLOGIA
_9445
942 _2ddc
_cBK
999 _c15163
_d15163